Nové pohľady na ekonomiku železničnej dopravy vo Švédsku.

Celkové náklady ako u ostatných druhov dopráv. Dlhodobé plánovanie založené na analýze a koordinácii s úrovňou národnej ekonomiky. Otvorený systém. Určovanie nákladov: poplatky - prínosy - financovanie. Každodenná interakcia medzi správou švédskych železníc a dopravnými operátormi.

Gespeichert in:
Bibliographische Detailangaben
1. Verfasser: Vittek, J.
Format: Buchkapitel
Sprache:Slowakisch
Schlagworte:
Tags: Tag hinzufügen
Keine Tags, Fügen Sie das erste Tag hinzu!

MARC

LEADER 00000naa a2200000 4500
001 r010658
005 20220831090025.3
041 0 |a slo 
044 |a [CS] 
245 1 0 |a Nové pohľady na ekonomiku železničnej dopravy vo Švédsku.  |c J. Vittek 
520 |a Celkové náklady ako u ostatných druhov dopráv. Dlhodobé plánovanie založené na analýze a koordinácii s úrovňou národnej ekonomiky. Otvorený systém. Určovanie nákladov: poplatky - prínosy - financovanie. Každodenná interakcia medzi správou švédskych železníc a dopravnými operátormi. 
610 2 0 |a doprava železničná 
610 2 0 |a Švédsko 
610 2 0 |a ekonomika odvetví 
610 2 0 |a náklady dopravné 
610 2 0 |a plánovanie dlhodobé 
610 2 0 |a financovanie odvetví 
610 2 0 |a riadenie odvetví 
100 1 |a Vittek, J.